Armaments, Disarmament and International Security 1996 : (Record no. 616565)

MARC details
000 -LEADER
fixed length control field 00570nam a2200193 a 4500
008 - FIXED-LENGTH DATA ELEMENTS--GENERAL INFORMATION
fixed length control field 260302s1996##################000#0#eng##
020 ## - INTERNATIONAL STANDARD BOOK NUMBER
ISBN 9780198292029
082 04 - DEWEY DECIMAL CLASSIFICATION NUMBER
Classification number 327.17405
Item number OXE'1996
100 1# - MAIN ENTRY--AUTHOR NAME
Personal name Institute, Stockholm International Peace Research,
245 10 - TITLE STATEMENT
Title Armaments, Disarmament and International Security 1996 :
260 ## - PUBLICATION, DISTRIBUTION, ETC. (IMPRINT)
Name of publisher Routledge,
Year of publication 1996.
300 ## - PHYSICAL DESCRIPTION
Number of Pages 870 pages
650 #0 - SUBJECT ADDED ENTRY--TOPICAL TERM
Topical Term Arms and armaments.
942 ## - ADDED ENTRY ELEMENTS (KOHA)
Koha item type English Books
Holdings
Withdrawn status Lost status Damaged status Not for loan Home library Current library Shelving location Date acquired Full call number Accession Number Price effective from Koha item type
        Anna Centenary Library Anna Centenary Library 3RD FLOOR, B WING 02.03.2026 327.17405 OXE'1996 152724 02.03.2026 English Books

Find us on the map